| 000 | 00360cam a22001217a 4500 | ||
|---|---|---|---|
| 008 | 180718b1961 xxu||||| |||| 00| 0 eng d | ||
| 082 | _aA6x4 An24 | ||
| 100 | _aAnderson, M. S. | ||
| 245 |
_aEurope in the eighteenth century 1713-1783 _cby M. S. Anderson |
||
| 260 |
_aNew york _bLongmans _c1961 |
||
| 300 | _aix,364p. | ||
| 650 | _aEurope --History --18th century. | ||
| 999 |
_c410708 _d410708 |
||